[Event "Barcelona La Lira op 14th"]
[Site "Barcelona"]
[Date "2023.04.20"]
[Round "1"]
[White "Arcas Lopez, Josep Antoni"]
[Black "Gallego Obrador, Aaron"]
[Result "0-1"]
[WhiteElo "1411"]
[BlackElo "1757"]
[PlyCount "128"]
[EventDate "2023.04.20"]
[EventType "swiss"]
[EventRounds "9"]
[EventCountry "ESP"]
[SourceTitle "EXT 2024"]
[Source "ChessBase"]
[SourceDate "2023.10.10"]
[SourceVersion "1"]
[SourceVersionDate "2023.10.10"]
[SourceQuality "1"]

1. e4 c5 2. Nc3 Nc6 3. Bb5 a6 4. Bxc6 dxc6 5. d3 Nf6 6. f4 e6 7. Nf3 Be7 8. 0-0 0-0 9. Qe1 Qc7 10. Qg3 Nh5 11. Qg4 g6 12. Ne5 Bf6 13. Nf3 Bg7 14. Be3 f5 15. Qh4 Bf6 16. Qf2 Bxc3 17. bxc3 fxe4 18. dxe4 Nxf4 19. Bxc5 Rf7 20. Ng5 Nh3+ 21. Nxh3 Rxf2 22. Rxf2 b6 23. Be3 Qg7 24. e5 h6 25. Raf1 c5 26. Rf6 g5 27. Nf2 Ra7 28. Ng4 h5 29. Nh6+ Kh7 30. Rf7 Kxh6 31. Rxg7 Rxg7 32. h4 Kg6 33. Rf6+ Kh7 34. Bxg5 Rg6 35. Rf7+ Rg7 36. Rf6 Kg8 37. Rh6 Rh7 38. Rf6 Kg7 39. Kf2 Kg8 40. Ke3 Rf7 41. Kf4 Bb7 42. g3 Rxf6+ 43. Bxf6 Kf7 44. Kg5 Bf3 45. a3 b5 46. Kf4 Bd1 47. Kg5 Ke8 48. Kg6 Kd7 49. Bg5 Kc6 50. Kf6 Kd5 51. Bd2 Bxc2 52. Kg5 Bd1 53. Kf4 Kc4 54. Be3 Kxc3 55. Bxc5 a5 56. Ke3 b4 57. axb4 axb4 58. Bd4+ Kc2 59. Kf4 b3 60. Kg5 b2 61. Bxb2 Kxb2 62. Kf6 Bg4 63. Kg5 Kc3 64. Kf4 Kd4 0-1

[Event "Barcelona La Lira op 39th"]
[Site "Barcelona"]
[Date "2023.03.03"]
[Round "7"]
[White "Gallego Obrador, Aaron"]
[Black "Ordonez Rodriguez, Victor"]
[Result "1-0"]
[WhiteElo "1689"]
[BlackElo "1768"]
[PlyCount "41"]
[EventDate "2023.01.20"]
[EventType "swiss"]
[EventRounds "8"]
[EventCountry "ESP"]
[SourceTitle "CBM 213 Extra"]
[Source "ChessBase"]
[SourceDate "2023.05.31"]
[SourceVersion "1"]
[SourceVersionDate "2023.05.31"]
[SourceQuality "1"]

1. d4 g6 2. Bf4 Bg7 3. e3 c5 4. c3 cxd4 5. cxd4 Nc6 6. Nf3 d5 7. Nc3 Nf6 8. h3 a6 9. Be2 0-0 10. 0-0 Nh5 11. Bh2 b5 12. Ne5 Bxe5 13. dxe5 d4 14. exd4 Qxd4 15. Bxh5 gxh5 16. Qxh5 Kh8 17. Rfe1 b4 18. Re4 Qd7 19. e6 fxe6 20. Rh4 Qd3 21. Ne4 1-0

[Event "Barcelona La Lira op 39th"]
[Site "Barcelona"]
[Date "2023.02.03"]
[Round "3"]
[White "Gallego Obrador, Aaron"]
[Black "Gomez Paredes, Isaac"]
[Result "1-0"]
[WhiteElo "1689"]
[BlackElo "1507"]
[PlyCount "61"]
[EventDate "2023.01.20"]
[EventType "swiss"]
[EventRounds "8"]
[EventCountry "ESP"]
[SourceTitle "CBM 213 Extra"]
[Source "ChessBase"]
[SourceDate "2023.05.31"]
[SourceVersion "1"]
[SourceVersionDate "2023.05.31"]
[SourceQuality "1"]

1. d4 Nf6 2. Bf4 g6 3. e3 Bg7 4. c4 d6 5. Nf3 0-0 6. Nc3 Nbd7 7. Be2 c5 8. h3 a6 9. 0-0 h6 10. Qd2 Nh5 11. Bh2 f5 12. dxc5 Nxc5 13. Rad1 Qe8 14. Nd5 Ne4 15. Qc2 Qf7 16. Nd4 Nef6 17. Nb6 e5 18. Nb3 Qc7 19. Nxa8 Qc6 20. c5 b5 21. Nb6 Bb7 22. Bf3 Ne4 23. Bxe4 fxe4 24. Rxd6 Qc7 25. Rfd1 Rf6 26. Rd7 Qc6 27. Na5 Qe6 28. Nxb7 Bf8 29. Nd6 Ng7 30. Nxe4 Rf5 31. c6 1-0

[Event "Barcelona Ciutat op-B"]
[Site "Barcelona"]
[Date "2021.08.23"]
[Round "6"]
[White "Mangues Rubia, Alex"]
[Black "Gallego Obrador, Aaron"]
[Result "1-0"]
[WhiteElo "1789"]
[BlackElo "1681"]
[PlyCount "121"]
[EventDate "2021.08.18"]
[EventType "swiss"]
[EventRounds "9"]
[EventCountry "ESP"]
[SourceTitle "EXT 2022"]
[Source "ChessBase"]
[SourceDate "2021.10.06"]
[SourceVersion "1"]
[SourceVersionDate "2021.10.06"]
[SourceQuality "1"]

1. d4 d5 2. c4 e6 3. Nc3 Nf6 4. cxd5 exd5 5. Bg5 Be7 6. Qc2 c6 7. e3 Ne4 8. Bxe7 Qxe7 9. Nxd5 cxd5 10. Qxc8+ Qd8 11. Bb5+ Ke7 12. Qxd8+ Rxd8 13. Rc1 Kf8 14. Ne2 a6 15. Ba4 g6 16. Nc3 Nf6 17. Ke2 Nbd7 18. Bxd7 Rxd7 19. Na4 Rb8 20. Rc2 Rd6 21. Rhc1 Kg7 22. Nc5 Rb6 23. b3 Rd8 24. Na4 Rbd6 25. Rc7 R8d7 26. Rxd7 Rxd7 27. Nb6 Rd6 28. Na4 Rd7 29. Nc5 Re7 30. Nd3 Ne8 31. Kd2 Nd6 32. Nf4 Ne4+ 33. Ke2 Rd7 34. f3 Nf6 35. Kd3 g5 36. Ne2 h5 37. h3 Kg6 38. Rc5 Ne8 39. Nc3 Nc7 40. Na4 Ne6 41. Rc2 f5 42. Nc5 Nxc5+ 43. dxc5 Kf7 44. Kd4 Ke6 45. c6 bxc6 46. Rxc6+ Rd6 47. Rxd6+ Kxd6 48. b4 Kc6 49. a4 g4 50. fxg4 fxg4 51. hxg4 hxg4 52. b5+ axb5 53. axb5+ Kxb5 54. Kxd5 Kb4 55. Ke4 Kc4 56. Kf4 Kd3 57. e4 Kd4 58. e5 Kd5 59. Kf5 Kd4 60. e6 g3 61. Kf4 1-0

[Event "Barcelona Primavera CE op"]
[Site "Barcelona"]
[Date "2021.05.15"]
[Round "4"]
[White "Gallego Obrador, Aaron"]
[Black "Safont Tria Sastre, Biel"]
[Result "1-0"]
[WhiteElo "1635"]
[BlackElo "1293"]
[PlyCount "71"]
[EventDate "2021.04.24"]
[EventType "swiss"]
[EventRounds "9"]
[EventCountry "ESP"]
[SourceTitle "EXT 2022"]
[Source "ChessBase"]
[SourceDate "2021.10.06"]
[SourceVersion "1"]
[SourceVersionDate "2021.10.06"]
[SourceQuality "1"]

1. d4 d5 2. c4 c6 3. Nc3 Nf6 4. Bg5 e6 5. e3 Be7 6. Nf3 0-0 7. h3 Re8 8. c5 b6 9. b4 a5 10. a3 axb4 11. axb4 Rxa1 12. Qxa1 bxc5 13. bxc5 Qc7 14. Bd3 Nbd7 15. Bf4 Qb7 16. 0-0 Nh5 17. Rb1 Nb6 18. Rxb6 Qd7 19. Bh2 g6 20. Ne5 Qd8 21. Nxc6 Qd7 22. Nxe7+ Qxe7 23. Nb5 Bd7 24. Nd6 Rf8 25. Qa7 Qd8 26. Rb7 Bc6 27. Rxf7 Rxf7 28. Qxf7+ Kh8 29. Be5+ Nf6 30. Bxf6+ Qxf6 31. Qxf6+ Kg8 32. Qxe6+ Kg7 33. Qf7+ Kh6 34. Qf8+ Kg5 35. Qf4+ Kh5 36. Be2# 1-0

[Event "Barcelona Primavera CE op"]
[Site "Barcelona"]
[Date "2021.05.01"]
[Round "2"]
[White "Gallego Obrador, Aaron"]
[Black "Poyan Cobelli, Alex"]
[Result "1-0"]
[WhiteElo "1635"]
[BlackElo "1248"]
[PlyCount "37"]
[EventDate "2021.04.24"]
[EventType "swiss"]
[EventRounds "9"]
[EventCountry "ESP"]
[SourceTitle "EXT 2022"]
[Source "ChessBase"]
[SourceDate "2021.10.06"]
[SourceVersion "1"]
[SourceVersionDate "2021.10.06"]
[SourceQuality "1"]

1. d4 d5 2. c4 e6 3. Nc3 Nf6 4. Bg5 Bb4 5. e3 0-0 6. a3 Bxc3+ 7. bxc3 b6 8. cxd5 exd5 9. Nf3 Bb7 10. Bd3 Nbd7 11. h3 h6 12. Bf4 c5 13. 0-0 Nh5 14. Bh2 Rc8 15. Ne5 Nxe5 16. Bxe5 Qe7 17. Qxh5 cxd4 18. cxd4 Qh4 19. Qxh4 1-0

[Event "Barcelona Amateurs 04"]
[Site "Barcelona"]
[Date "2021.04.13"]
[Round "9"]
[White "Costa Trave, Jaume"]
[Black "Gallego Obrador, Aaron"]
[Result "0-1"]
[WhiteElo "1685"]
[BlackElo "1635"]
[PlyCount "74"]
[EventDate "2021.04.05"]
[EventType "tourn"]
[EventRounds "9"]
[EventCountry "ESP"]
[SourceTitle "EXT 2022"]
[Source "ChessBase"]
[SourceDate "2021.10.06"]
[SourceVersion "1"]
[SourceVersionDate "2021.10.06"]
[SourceQuality "1"]

1. f4 d5 2. Nf3 Nf6 3. b3 Bf5 4. e3 h6 5. Bb2 e6 6. Be2 Be7 7. 0-0 a6 8. Nd4 Bh7 9. d3 c5 10. Nf3 Nc6 11. Nbd2 0-0 12. Ne5 Qc7 13. Bf3 Rad8 14. Qe1 Nb4 15. Bd1 Nd7 16. Qg3 Nf6 17. Ng4 d4 18. e4 Nxg4 19. Qxg4 f5 20. Qf3 e5 21. exf5 Rxf5 22. a3 Rxf4 23. axb4 Rxf3 24. Rxf3 cxb4 25. Bc1 Bg6 26. Rg3 Kh7 27. Nc4 Rf8 28. Bd2 Bh4 29. Rf3 Rxf3 30. Bxf3 b5 31. Na5 Qxc2 32. Bxb4 Bxd3 33. g3 Bg5 34. Nc6 Be3+ 35. Kh1 e4 36. Nxd4 Bxd4 37. Bd1 Qf2 0-1

[Event "Barcelona Amateurs-B 03"]
[Site "Barcelona"]
[Date "2021.03.21"]
[Round "7"]
[White "Gallego Obrador, Aaron"]
[Black "Montero Domenech, Felix"]
[Result "0-1"]
[WhiteElo "1632"]
[BlackElo "1739"]
[PlyCount "98"]
[EventDate "2021.03.15"]
[EventType "tourn"]
[EventRounds "9"]
[EventCountry "ESP"]
[SourceTitle "CBM 201 Extra"]
[Source "ChessBase"]
[SourceDate "2021.05.31"]
[SourceVersion "1"]
[SourceVersionDate "2021.05.31"]
[SourceQuality "1"]

1. d4 c5 2. d5 Nf6 3. c4 b5 4. Nc3 bxc4 5. e4 d6 6. Bxc4 g6 7. Nge2 Bg7 8. Ng3 0-0 9. 0-0 Nbd7 10. f4 Nb6 11. Be2 Bb7 12. Qc2 Qc8 13. a4 Ba6 14. f5 Nc4 15. Qd3 Rb8 16. a5 Nd7 17. fxg6 hxg6 18. Qc2 Bd4+ 19. Kh1 Be3 20. b3 Bxc1 21. bxc4 Be3 22. Nb5 Rb7 23. Qd3 Bg5 24. Rab1 Ne5 25. Qc2 Kg7 26. Na3 Rxb1 27. Rxb1 Rh8 28. Nf1 Ng4 29. Bxg4 Qxg4 30. Qd3 Bf4 31. h3 Be5 32. Nh2 Qf4 33. g3 Qf2 34. Qf3 Qxf3+ 35. Nxf3 Rxh3+ 36. Kg2 Rxg3+ 37. Kf2 Rh3 38. Nb5 Kf6 39. Rc1 Bf4 40. Rc2 Rh1 41. Ke2 Ra1 42. Nxa7 Rxa5 43. Nc6 Ra3 44. Nd2 Ra4 45. Nb8 Bxd2 46. Kxd2 Ra3 47. Rc1 Ke5 48. Rf1 f6 49. Rg1 g5 0-1

[Event "Barcelona Amateurs-B 03"]
[Site "Barcelona"]
[Date "2021.03.19"]
[Round "5"]
[White "Gallego Obrador, Aaron"]
[Black "Costa Trave, Jaume"]
[Result "1/2-1/2"]
[WhiteElo "1632"]
[BlackElo "1643"]
[PlyCount "136"]
[EventDate "2021.03.15"]
[EventType "tourn"]
[EventRounds "9"]
[EventCountry "ESP"]
[SourceTitle "CBM 201 Extra"]
[Source "ChessBase"]
[SourceDate "2021.05.31"]
[SourceVersion "1"]
[SourceVersionDate "2021.05.31"]
[SourceQuality "1"]

1. d4 e6 2. a3 d5 3. Bf4 c5 4. e3 Nc6 5. Nf3 a6 6. dxc5 Bxc5 7. b4 Bd6 8. Bg3 Nf6 9. c4 Ne4 10. cxd5 exd5 11. Bxd6 Qxd6 12. Be2 Qf6 13. Ra2 Be6 14. Qc1 0-0 15. 0-0 Rac8 16. Qb2 d4 17. Ra1 dxe3 18. Qxf6 exf2+ 19. Kh1 Nxf6 20. Rxf2 Ng4 21. Rf1 Ne3 22. Rc1 g5 23. Nbd2 g4 24. Ng5 Nd4 25. Rxc8 Rxc8 26. Nxe6 fxe6 27. Bd3 Rc3 28. Be4 b6 29. Kg1 Nec2 30. Bxc2 Rxc2 31. Ne4 Kg7 32. Re1 Re2 33. Rxe2 Nxe2+ 34. Kf2 Nd4 35. a4 b5 36. axb5 axb5 37. Nc3 Kf6 38. Ke3 e5 39. Ke4 h5 40. Nd5+ Ke6 41. Nc7+ Kf6 42. Ne8+ Kg5 43. Nd6 h4 44. Kxe5 Nc6+ 45. Ke4 Nxb4 46. Nxb5 Nc2 47. Nd6 Ne1 48. Nf7+ Kh5 49. g3 h3 50. Ne5 Ng2 51. Kf5 Nh4+ 52. Kf4 Ng2+ 53. Ke4 Ne1 54. Kf5 Nf3 55. Nxg4 Nd4+ 56. Kf4 Ne6+ 57. Kf3 Nd4+ 58. Kf4 Ne6+ 59. Kf3 Nd4+ 60. Ke4 Kxg4 61. Kxd4 Kf3 62. g4 Kxg4 63. Ke4 Kh5 64. Kf4 Kh6 65. Kg4 Kg7 66. Kxh3 Kg8 67. Kg4 Kh8 68. Kh5 Kg8 1/2-1/2

[Event "Barcelona Amateurs-B 03"]
[Site "Barcelona"]
[Date "2021.03.17"]
[Round "3"]
[White "Gallego Obrador, Aaron"]
[Black "Usobiaga Ferrer, Enrique"]
[Result "1-0"]
[WhiteElo "1632"]
[BlackElo "1359"]
[PlyCount "66"]
[EventDate "2021.03.15"]
[EventType "tourn"]
[EventRounds "9"]
[EventCountry "ESP"]
[SourceTitle "CBM 201 Extra"]
[Source "ChessBase"]
[SourceDate "2021.05.31"]
[SourceVersion "1"]
[SourceVersionDate "2021.05.31"]
[SourceQuality "1"]

1. d4 d5 2. c4 e6 3. a3 Nf6 4. Bg5 Be7 5. Nf3 Nbd7 6. e3 0-0 7. c5 c6 8. h3 b6 9. b4 bxc5 10. bxc5 Qa5+ 11. Qd2 Qxd2+ 12. Nbxd2 Bd8 13. Bd3 Ba5 14. 0-0 Bxd2 15. Nxd2 e5 16. Nb3 e4 17. Be2 a5 18. Bf4 Ba6 19. Bxa6 Rxa6 20. Rab1 a4 21. Nd2 Raa8 22. Rb4 Rfc8 23. Rfb1 h6 24. Rb7 g5 25. Bg3 Nf8 26. R1b4 Ng6 27. Nb1 Nh5 28. Bd6 f5 29. Nc3 f4 30. Nxa4 Re8 31. Rb8 fxe3 32. Rxe8+ Rxe8 33. fxe3 Ng3 1-0

[Event "Barcelona Amateurs-B 03"]
[Site "Barcelona"]
[Date "2021.03.16"]
[Round "2"]
[White "Agudo Martin, Francisco Javier"]
[Black "Gallego Obrador, Aaron"]
[Result "1-0"]
[WhiteElo "1599"]
[BlackElo "1632"]
[PlyCount "71"]
[EventDate "2021.03.15"]
[EventType "tourn"]
[EventRounds "9"]
[EventCountry "ESP"]
[SourceTitle "CBM 201 Extra"]
[Source "ChessBase"]
[SourceDate "2021.05.31"]
[SourceVersion "1"]
[SourceVersionDate "2021.05.31"]
[SourceQuality "1"]

1. e4 e5 2. Nf3 Nc6 3. Bb5 a6 4. Ba4 Nf6 5. 0-0 b5 6. Bb3 Bc5 7. c3 d6 8. d4 exd4 9. cxd4 Bb6 10. Nc3 0-0 11. Bg5 h6 12. Bxf6 Qxf6 13. Nd5 Qg6 14. Rc1 Qxe4 15. Re1 Qg4 16. Nxb6 cxb6 17. Rxc6 Bb7 18. Rxd6 Qf4 19. Rd7 Bc8 20. Rde7 Bg4 21. R1e4 Qf5 22. h3 Bxf3 23. Qxf3 Qxf3 24. gxf3 Rac8 25. Rf4 Rc6 26. Rfxf7 Rxf7 27. Rxf7 Kh8 28. d5 Rd6 29. h4 Kg8 30. Rc7 Kf8 31. Kf1 a5 32. a3 Rf6 33. Ke2 Rf4 34. Ke3 Rxh4 35. d6 g5 36. Rc8+ 1-0

[Event "Barcelona Amateurs"]
[Site "Barcelona"]
[Date "2019.10.23"]
[Round "5.2"]
[White "Gallego Obrador, Aaron"]
[Black "Jose Iraeta, Alexandre"]
[Result "0-1"]
[WhiteElo "1617"]
[BlackElo "1959"]
[PlyCount "78"]
[EventDate "2019.09.25"]
[EventType "swiss"]
[EventRounds "9"]
[EventCountry "ESP"]
[SourceTitle "EXT 2024"]
[Source "ChessBase"]
[SourceDate "2023.10.10"]
[SourceVersion "1"]
[SourceVersionDate "2023.10.10"]
[SourceQuality "1"]

1. d4 d5 2. c4 c6 3. cxd5 cxd5 4. Nc3 Nc6 5. Bf4 a6 6. Nf3 Nf6 7. e3 Bg4 8. Be2 e6 9. Ne5 Bxe2 10. Qxe2 Rc8 11. 0-0 Be7 12. Rfc1 0-0 13. a3 Bd6 14. Nxc6 Rxc6 15. Bxd6 Qxd6 16. Na4 Nd7 17. b4 Rfc8 18. Rxc6 Rxc6 19. Nc5 Qc7 20. g3 g6 21. Kg2 Qc8 22. Ra2 Nb6 23. b5 axb5 24. Qxb5 Nc4 25. Qb3 Rb6 26. Qc3 Qc6 27. a4 Rb1 28. a5 Qb5 29. a6 bxa6 30. Rxa6 Nb6 31. Qd3 Qb2 32. Qa3 Qc2 33. Qd3 Qc1 34. Kh3 Rb2 35. Nb3 Qg1 36. Ra1 Qxf2 37. Rf1 Qxh2+ 38. Kg4 Qh5+ 39. Kf4 Rxb3 0-1

[Event "Barcelona Sant Marti op-B 21st"]
[Site "Barcelona"]
[Date "2019.07.17"]
[Round "5"]
[White "Elizondo Marquet, Juan Marcos"]
[Black "Gallego Obrador, Aaron"]
[Result "0-1"]
[WhiteElo "1868"]
[BlackElo "1612"]
[PlyCount "112"]
[EventDate "2019.07.13"]
[EventType "swiss"]
[EventRounds "9"]
[EventCountry "ESP"]
[SourceTitle "EXT 2020"]
[Source "ChessBase"]
[SourceDate "2019.10.17"]
[SourceVersion "1"]
[SourceVersionDate "2019.10.17"]
[SourceQuality "1"]

1. d4 d5 2. Bf4 e6 3. Nf3 Nf6 4. e3 Bd6 5. Ne5 0-0 6. Nd2 c5 7. c3 cxd4 8. exd4 Nc6 9. Bd3 Qc7 10. Qe2 Nd7 11. Ndf3 f6 12. Nxc6 Bxf4 13. Qxe6+ Kh8 14. Nb4 Nb6 15. Qe2 Bg4 16. 0-0 Rae8 17. Qd1 Bxh2+ 18. Kh1 Qf4 19. Qc1 Bxf3 20. Qxf4 Bxf4 21. gxf3 g6 22. Rfe1 f5 23. Bb5 Rxe1+ 24. Rxe1 a6 25. Bf1 Bd6 26. Re6 Rd8 27. Bg2 Kg7 28. Nd3 Kf7 29. Re2 Re8 30. Rxe8 Kxe8 31. f4 Ke7 32. Bf3 Ke6 33. b3 Nd7 34. Kg2 Nf6 35. c4 dxc4 36. bxc4 Ne4 37. d5+ Kf6 38. Bd1 b5 39. f3 Nc5 40. Nxc5 Bxc5 41. cxb5 axb5 42. Be2 b4 43. Bc4 Bd6 44. Kh3 Bxf4 45. Bb3 g5 46. Bc4 Bd6 47. Bb3 h6 48. Bc2 h5 49. Bd3 Ke5 50. Bc2 Kf4 51. Kg2 g4 52. fxg4 hxg4 53. Bd3 Kg5 54. Be2 f4 55. Bd3 f3+ 56. Kf2 Kf4 0-1

[Event "Barcelona Sant Marti op-B 21st"]
[Site "Barcelona"]
[Date "2019.07.16"]
[Round "4"]
[White "Gallego Obrador, Aaron"]
[Black "Casas Vinas, Arthur"]
[Result "1-0"]
[WhiteElo "1612"]
[BlackElo "1328"]
[PlyCount "97"]
[EventDate "2019.07.13"]
[EventType "swiss"]
[EventRounds "9"]
[EventCountry "ESP"]
[SourceTitle "EXT 2020"]
[Source "ChessBase"]
[SourceDate "2019.10.17"]
[SourceVersion "1"]
[SourceVersionDate "2019.10.17"]
[SourceQuality "1"]

1. d4 Nf6 2. c4 c5 3. d5 d6 4. Nc3 g6 5. Nf3 Bg7 6. e4 0-0 7. Be2 Nfd7 8. Qc2 Ne5 9. Nxe5 Bxe5 10. Bh6 Re8 11. 0-0 a6 12. a4 e6 13. h4 Qxh4 14. Bf4 Qxf4 15. g3 Qh6 16. Kg2 exd5 17. Rh1 Qg7 18. Nxd5 Ra7 19. Rab1 a5 20. Nc7 Rd8 21. b3 Nc6 22. Qd3 Nd4 23. Rbd1 b6 24. Nd5 Rb7 25. f4 Bf6 26. Bf1 Be6 27. Ne3 Rbd7 28. Kf2 g5 29. f5 g4 30. fxe6 fxe6 31. Bg2 Be5 32. Rh4 Rf8+ 33. Kg1 h5 34. Rxh5 Bxg3 35. Rd2 Qg6 36. Rh1 Rdf7 37. Nf5 exf5 38. Qxg3 fxe4 39. Rh4 Rg7 40. Qh2 Rh7 41. Rxh7 Qxh7 42. Qxd6 e3 43. Bd5+ Rf7 44. Bxf7+ Qxf7 45. Qd8+ Kg7 46. Qg5+ Kf8 47. Qh6+ Kg8 48. Rg2 e2 49. Rxg4+ 1-0

[Event "Barcelona CC-ch Amateurs B"]
[Site "Barcelona"]
[Date "2019.06.11"]
[Round "1"]
[White "Ruiz Serra, Guillem"]
[Black "Gallego Obrador, Aaron"]
[Result "1-0"]
[WhiteElo "1381"]
[BlackElo "1614"]
[PlyCount "99"]
[EventDate "2019.06.11"]
[EventType "tourn"]
[EventRounds "9"]
[EventCountry "CAT"]
[SourceTitle "EXT 2020"]
[Source "ChessBase"]
[SourceDate "2019.10.17"]
[SourceVersion "1"]
[SourceVersionDate "2019.10.17"]
[SourceQuality "1"]

1. e4 e5 2. Nf3 Nc6 3. Bc4 Bc5 4. c3 Nf6 5. d4 exd4 6. cxd4 Bb4+ 7. Bd2 Bxd2+ 8. Nbxd2 d6 9. 0-0 Bg4 10. Qb3 0-0 11. Rfe1 Na5 12. Qb5 c6 13. Qb4 Nxc4 14. Qxc4 d5 15. exd5 Nxd5 16. Re4 Nf6 17. Re3 Be6 18. Qe2 b5 19. Rc1 Bd5 20. Ne5 Qd6 21. Rec3 Rac8 22. b3 Rfe8 23. Qd3 Nd7 24. Nxd7 Qxd7 25. f3 f5 26. Nf1 g6 27. Ne3 Re6 28. Rc5 Rd6 29. Qxb5 Be6 30. Qa6 Rxd4 31. Rxc6 Re8 32. Rc7 Qd8 33. Qxa7 Rd7 34. Rxd7 Bxd7 35. Rc7 Re7 36. Nd5 Re1+ 37. Kf2 Qh4+ 38. g3 Qxh2+ 39. Kxe1 Qxg3+ 40. Kd2 Qg2+ 41. Ke3 Qg1+ 42. Kf4 g5+ 43. Ke5 Qg3+ 44. f4 Qe1+ 45. Qe3 Qxe3+ 46. Nxe3 gxf4 47. Kxf4 Be6 48. Nxf5 h5 49. Ke5 Bf7 50. Nh6+ 1-0

[Event "Barcelona Barri Gotic op 7th"]
[Site "Barcelona"]
[Date "2019.02.12"]
[Round "1.6"]
[White "Gallego Obrador, Aaron"]
[Black "Nadal Fajardo, Ricard"]
[Result "0-1"]
[WhiteElo "1500"]
[BlackElo "1932"]
[PlyCount "91"]
[EventDate "2019.02.12"]
[EventType "swiss"]
[EventRounds "9"]
[EventCountry "ESP"]
[SourceTitle "EXT 2024"]
[Source "ChessBase"]
[SourceDate "2023.10.10"]
[SourceVersion "1"]
[SourceVersionDate "2023.10.10"]
[SourceQuality "1"]

1. d4 Nf6 2. c4 c6 3. Nf3 d5 4. e3 g6 5. Nc3 Bg7 6. cxd5 cxd5 7. Ne5 0-0 8. Be2 e6 9. 0-0 Nc6 10. Nf3 b6 11. b3 Bb7 12. a4 Re8 13. Ba3 Bf8 14. Qd2 Na5 15. Qb2 Rc8 16. Bb5 Bxa3 17. Rxa3 Re7 18. Raa1 Rec7 19. Rac1 Qe7 20. Nd2 Nc6 21. Bxc6 Rxc6 22. b4 Qc7 23. Ne2 Rc2 24. Qxc2 Qxc2 25. Rxc2 Rxc2 26. Rd1 Rb2 27. b5 a6 28. Nc3 Rc2 29. Ndb1 Ne4 30. Nxe4 dxe4 31. Na3 Rc3 32. Ra1 a5 33. Kf1 Bd5 34. Ke1 Bb3 35. Nb1 Rc1+ 36. Kd2 Rf1 37. f3 Bd5 38. Ke2 Bc4+ 39. Kd2 Bd3 40. fxe4 Rxb1 41. Rxb1 Bxb1 42. d5 Bxe4 43. dxe6 fxe6 44. g3 Kf7 45. Kc3 Kf6 46. h3 0-1

[Event "Foment Martinenc op-C 20th"]
[Site "Barcelona"]
[Date "2018.06.09"]
[Round "8"]
[White "Gallego Obrador, Aaron"]
[Black "Ani, Virgil"]
[Result "1-0"]
[WhiteElo "1762"]
[BlackElo "1805"]
[PlyCount "85"]
[EventDate "2018.04.21"]
[EventType "swiss"]
[EventRounds "9"]
[EventCountry "ESP"]
[SourceTitle "CBM 184 Extra"]
[Source "ChessBase"]
[SourceDate "2018.06.28"]
[SourceVersion "1"]
[SourceVersionDate "2018.06.28"]
[SourceQuality "1"]

1. d4 e5 2. dxe5 Nc6 3. Nf3 Qe7 4. Bf4 Qb4+ 5. Nc3 Qxb2 6. Bd2 Nb4 7. Nd4 c6 8. Rb1 Qa3 9. Rb3 Qa5 10. Ne4 Qxe5 11. Bxb4 Bxb4+ 12. Rxb4 Qxe4 13. Rb3 Ne7 14. e3 0-0 15. Nf3 Qa4 16. Qb1 g6 17. Bd3 Qa5+ 18. c3 d6 19. 0-0 b6 20. Rd1 Qh5 21. Be2 d5 22. c4 Bg4 23. cxd5 Nxd5 24. h3 Be6 25. Nd4 Qg5 26. Nxe6 fxe6 27. Bg4 Qf6 28. Qc2 Kg7 29. e4 Ne7 30. Rf3 Qe5 31. Rd7 Rxf3 32. Bxf3 Kf6 33. Qb3 Re8 34. Rxa7 Rd8 35. Qxb6 Qa1+ 36. Kh2 Qe5+ 37. g3 Qd4 38. Qxd4+ Rxd4 39. a4 h6 40. e5+ Kf7 41. Bxc6 Rc4 42. Bb5 g5 43. Bxc4 1-0